Statistiken für Bushaltestellen der Stadtwerke Neuss

Klicken Sie hier um das Quiz zu spielen!

Allgemein

  • Dieses Quiz wurde 11 mal gespielt
  • Das Durchschnittsergebnis liegt bei 19 aus 223

Antwortstatistiken

LinienName der Haltestelle% Korrekt
841
842
843
844
848
849
850
851
852
854
Hauptbahnhof
71%
841
842
843
844
848
849
850
851
852
854
Niedertor
71%
841
842
843
844
848
849
850
851
852
854
Zolltor
71%
842
849
848
Lukaskrankenhaus
57%
848
SB 53
Moselstraße / Stadtwerke
57%
841
842
843
844
848
849
850
851
852
854
Neustraße
57%
843
844
848
Pomona
57%
841
849
851
852
854
858
Stadthalle / Museum
57%
844
854
Einkaufszentrum
43%
843
844
848
858
Friedrich Ebertplatz
43%
841
842
849
851
852
854
858
Landestheater
43%
844
854
SB 53
Lindenplatz
43%
851 | 858Rathaus
43%
843
844
SB 53
Schlagbaum
43%
843
844
SB 53
Südpark
43%
841
849
851
852
854
Alexianerplatz
29%
843
844
Barriere
29%
854Bernhard Letterhausstraße
29%
854Bernhard Lichtenbergstraße
29%
854Erasmusstraße
29%
854Erich Hoepnerstraße
29%
849
850
Hauptfriedhof
29%
842
849
850
Hermannsplatz
29%
844
SB 53
Hoisten Schleife
29%
854Im Oberfeld
29%
854Kinderbauernhof
29%
841
849
854
Meertal
29%
842Rheinparkcenter
29%
843
844
848
Schulzentrum
29%
841
842
843
844
848
849
850
851
852
854
Schwannstraße
29%
851
SB 53
Stüttgen
29%
843
844
851
852
Viersenerstraße
29%
843
844
848
Weingartstraße
29%
849
850
Alter Friedhof
14%
848Am Baldhof
14%
844Am Spienhauer
14%
841
843
844
851
852
Annostraße
14%
844
SB 53
Aurinstraße
14%
849Blankenheimerstraße
14%
854Böhmerstraße
14%
854Furtherhofstraße
14%
854Gladbacherstraße
14%
854Gnadentalerallee
14%
854Gnadentaler Mühle
14%
841
849
854
Grünerweg
14%
841Handweiser
14%
848Hertzstraße
14%
843Holzheim Bf
14%
854Ittenbachstraße
14%
848Johanna Etienne Krankenhaus
14%
841
843
844
851
852
Kolpingstraße
14%
841
849
854
Konradstraße
14%
852Lahnstraße
14%
854Lupinenstraße
14%
849
850
Neuer Friedhof
14%
843
844
851
852
Neusserfurth
14%
851
852
Neusserstraße
14%
841
843
844
851
852
Neusser Wehye
14%
843
844
Neuss Süd S
14%
854Nierenhofstraße
14%
841
849
Nixhütterweg
14%
848
858
Polizeibehörde
14%
843 | 858Poststraße
14%
851
852
Sels
14%
843
844
848
Stifterstraße
14%
843Vereinsstraße
14%
841Vogesenstraße
14%
841
843
844
851
852
Wilhelmstraße
14%
841
843
844
848
851
852
854
Wolberostraße
14%
851
852
Adenauerallee
0%
841Albert Schweitzerstraße
0%
848Alemannenstraße
0%
841
SB 53
Allerheiligen S
0%
841
SB 53
Am alten Bach
0%
851Am Blankenwasser
0%
851
SB 53
Am Fuchsberg
0%
858Am Gatherhof
0%
852Am Goldberg
0%
858Am Hagelkreuz
0%
841Am Josefshaus
0%
854Am Kotthauserweg
0%
841Am Linckhof
0%
841Am Norfbach
0%
858Am Schellberg
0%
849Am Stadtwald
0%
841Am Steinacker
0%
843
844
851
852
Am Stock
0%
841Am Strauchbusch
0%
858Amtsgericht
0%
858Am Wehr
0%
842An der Hammerbrücke
0%
858An der Untermühle
0%
858Auf dem griessen
0%
841August Mackestraße
0%
843
844
851
852
Backes
0%
858Bierkeller
0%
843Birkhofstraße
0%
851Blindeisenweg
0%
841Bockholtstraße
0%
854Böcklerstraße
0%
843
844
851
852
Brücke
0%
858Brückenstraße
0%
841
SB 53
Brunnenstraße
0%
841
849
Brüsselerstraße
0%
851Busardstraße
0%
850Buschstraße
0%
842DEHOGA Center
0%
851Deichstraße
0%
842Deutschestraße
0%
851Dormagenerstraße
0%
843
844
Dreikönigenstraße
0%
843Drosselstraße
0%
851
852
Dunantstraße
0%
SB 53Düsseldorf Südpark
0%
SB 53Düsseldorf Universität Mensa
0%
SB 53Düsseldorf Universität Mitte
0%
SB 53Düsseldorf Universität Süd
0%
SB 53Düsseldorf Universität Süd / Ost
0%
841Eckenerstraße
0%
841Eichenstraße
0%
SB 53Eissporthalle
0%
851Elchstraße
0%
851Elchstraße / Schleife
0%
852Emsstraße
0%
848Engelbertstraße
0%
849Euskirchenerstraße
0%
842
848
Felkestraße
0%
843Finkenstraße
0%
841Fliederweg
0%
843Franz Heinz Hohenschutzstraße
0%
841Friedhofsweg
0%
858Friedrichstraße
0%
851Fuggerstraße
0%
842Gaußstraße
0%
851Giemesstraße
0%
849Glehnerweg
0%
858Goethestraße
0%
849
850
Görresstraße
0%
841Graf Landsbergstraße
0%
843Grefrath Kirche
0%
858Grenzstraße
0%
852Gruppelostraße
0%
842Hansastraße
0%
849Harfferstraße
0%
841
843
844
848
851
852
854
Hauptbahnhof Bussteig 5
0%
858Hemmerdenerweg
0%
843
844
851
852
Hoferhof
0%
844Hülchratherstraße
0%
858Hülserweg
0%
851
852
Humboldtstraße
0%
842Huppertslaach
0%
851
852
Hüsenstraße
0%
841
SB 53
Im Rethkamp
0%
854Im Tal
0%
851Im Taubental
0%
842Industriestraße
0%
842 | 851Jahnstraße
0%
841Josefkirche
0%
842
858
Jülicher Landstraße
0%
849Kamilianerstraße
0%
842
858
Kantstraße
0%
858Kapellen Post
0%
851
852
Kasterstraße
0%
843Kirchfeldweg
0%
850Kleverstraße
0%
858Konrad Thomasstraße
0%
843Kreitzerstraße
0%
852Kruppstraße
0%
842Krurstraße
0%
851Kuhweg
0%
852Lange Hecke
0%
849Lechenicherstraße
0%
841Leni Wollenhauptstraße
0%
841
852
Lessingplatz
0%
841Leuschstraße
0%
841Lorzingstraße
0%
843Lövelingerstraße
0%
851Macherscheiderstraße
0%
858Marktplatz
0%
852Marsstraße
0%
843Martinstraße
0%
851Martinusstraße
0%
851
852
Maubisstraße
0%
848Merowingerstraße
0%
841Nibelungenstraße
0%
843
844
851
852
Nikolaus Otto Straße
0%
843Nordstraße
0%
841
852
Norf Brücke
0%
852Norferstraße
0%
841
852
Norf S
0%
858Platz der deutschen Einheit
0%
842Rheinallee
0%
842Rheinparkcenter S
0%
851
852
Ritterstraße
0%
849Robert Kochstraße
0%
841Römerstraße
0%
851Roseggerstraße
0%
848Schabernackstraße
0%
848Schillerstraße
0%
851Schmiedeweg
0%
854Schmolzstraße
0%
841Seniorenzentrum
0%
843Skihalle
0%
852Sonnenstraße
0%
851
852
Sporthafen
0%
858Stadionstraße
0%
843Stephanusstraße
0%
841
852
Südstraße
0%
854Thomas Morus Kirche
0%
842Tillmannstraße
0%
841
SB 53
Ueckerratherstraße
0%
852Ulmenallee
0%
851Volmerswertherstraße
0%
841Waldstraße
0%
850Weidenstraße
0%
851Werresweg
0%
844Willi Grafstraße
0%
841
852
Wisselterweg
0%
854Wolkerstraße
0%
858Zuckerfabrik
0%

Verteilung der Resultate

Perzentil nach korrekt beantworteten Fragen

Anzahl Personen mit jedem Resultat

Ihre Resultats-Entwicklung

Sie haben dieses Quiz noch nicht gespielt